000 01515nam a2200349 a 4500
001 ebr10440450
003 CaPaEBR
006 m u
007 cr cn|||||||||
008 100804s2010 ne ad sb 001 0 eng d
010 _z 2010934192
020 _z9781607506324 (hardcover)
020 _z9781607506331 (e-book)
040 _aCaPaEBR
_cCaPaEBR
035 _a(OCoLC)702533244
050 1 4 _aQA76.9.D343
_bD38 2010eb
245 0 0 _aData mining for business applications
_h[electronic resource] /
_cedited by Carlos Soares and Rayid Ghani.
260 _aAmsterdam :
_bIOS Press,
_c2010.
300 _axiv, 181 p. :
_bill.
490 1 _aFrontiers in artificial intelligence and applications,
_x0922-6389 ;
_vv. 218
504 _aIncludes bibliographical references and indexes.
505 0 _apt. 1. Data mining methodology -- pt. 2. Data mining applications of today -- pt. 3. Data mining applications of tomorrow.
533 _aElectronic reproduction.
_bPalo Alto, Calif. :
_cebrary,
_d2011.
_nAvailable via World Wide Web.
_nAccess may be limited to ebrary affiliated libraries.
650 0 _aData mining.
650 0 _aBusiness
_xData processing.
655 7 _aElectronic books.
_2local
700 1 _aSoares, Carlos.
700 1 _aGhani, Rayid.
710 2 _aebrary, Inc.
830 0 _aFrontiers in artificial intelligence and applications ;
_vv. 218.
856 4 0 _uhttp://site.ebrary.com/lib/rucke/Doc?id=10440450
_zAn electronic book accessible through the World Wide Web; click to view
999 _c134585
_d134585